Statistics for May 7th: Birthdays

Click here to take the quiz!

General Stats

  • This quiz has been taken 15 times
  • The average score is 4 of 13

Answer Stats

YearClueAnswer% Correct
1919Argentine First LadyEva Perón
71%
1840Composed Swan LakePyotr Ilyich Tchaikovsky
71%
1892Leader of YugoslaviaJosip Tito
64%
1933Quarterback for Baltimore ColtsJohnny Unitas
57%
1901Actor in High NoonGary Cooper
36%
1861Made India's national anthem/Won Nobel Prize in LiteratureRabindranath Tagore
29%
1950Host of NBC's Meet the PressTim Russert
29%
1553Duke of PrussiaAlbert Frederick
21%
1833Composed Hungarian DancesJohannes Brahms
14%
1909Co-founder of the Polaroid CorporationEdwin Land
7%
1812Wrote Pied PiperRobert Browning
7%
1847British Prime MinisterArchibald Primrose
0%
1748Wrote Declaration of the Rights of Woman and of the Female CitizenOlympe de Gouges
0%

Score Distribution

Percentile by Number Answered

Percent of People with Each Score

Your Score History

You have not taken this quiz